000 00252nam a2200097Ia 4500
001 834093
005 20250826172427.0
008 250824s9999 xx 000 0 und d
245 0 _aBÜYÜYÜNCE DOKTOR OLACAĞIM
_cDUYGU ÜN
260 _bÇINARALTI YAYINLARI
999 _c834093
_d834093